[Event "Nuremberg Zabo op 18th"]
[Site "Nuremberg"]
[Date "2016.09.16"]
[Round "1"]
[White "Link, Andreas"]
[Black "Holland, Arthur"]
[Result "1-0"]
[WhiteElo "1977"]
[BlackElo "1538"]
[PlyCount "86"]
[EventDate "2016.09.16"]
[EventType "swiss"]
[EventRounds "5"]
[EventCountry "GER"]
[SourceTitle "EXT 2018"]
[Source "ChessBase"]
[SourceDate "2017.10.13"]
[SourceVersion "1"]
[SourceVersionDate "2017.10.13"]
[SourceQuality "1"]

1. d4 Nf6 2. Nf3 e6 3. g3 b6 4. Bg2 Bb7 5. c4 Bb4+ 6. Nbd2 a5 7. 0-0 0-0 8. a3 Be7 9. Qc2 d5 10. Ne5 Nc6 11. cxd5 Nxd4 12. Qc4 Bc5 13. Nc6 Nxc6 14. dxc6 Ba6 15. Qh4 Bxe2 16. Re1 Qd3 17. Ne4 Bf3 18. Nxf6+ gxf6 19. Bh6 Qc2 20. Rf1 Bxg2 21. Kxg2 Rfd8 22. Rac1 Qg6 23. Rc4 Rd4 24. Rxd4 Bxd4 25. Qxd4 Qxh6 26. Qd7 Qg5 27. Qxc7 Qd5+ 28. Kg1 Qd8 29. Qf4 Rc8 30. Rc1 Qe7 31. b4 axb4 32. axb4 Kf8 33. b5 Rd8 34. Qh6+ Kg8 35. Rc4 f5 36. Qe3 Qc7 37. Qg5+ Kh8 38. Qf6+ Kg8 39. Rd4 Rxd4 40. Qxd4 Kf8 41. Qh8+ Ke7 42. Qxh7 Qe5 43. Qh4+ Kd6 1-0

[Event "Nuremberg Zabo op 17th"]
[Site "Nuremberg"]
[Date "2015.09.25"]
[Round "4"]
[White "Holland, Arthur"]
[Black "Ott, Juan Luis"]
[Result "1-0"]
[WhiteElo "1550"]
[BlackElo "1315"]
[PlyCount "45"]
[EventDate "2015.09.21"]
[EventType "swiss"]
[EventRounds "5"]
[EventCountry "GER"]
[SourceTitle "EXT 2018"]
[Source "ChessBase"]
[SourceDate "2017.10.13"]
[SourceVersion "1"]
[SourceVersionDate "2017.10.13"]
[SourceQuality "1"]

1. e4 e5 2. Nf3 Nc6 3. Bc4 Bc5 4. b4 Bxb4 5. c3 Bc5 6. 0-0 d6 7. d4 exd4 8. cxd4 Bb6 9. Bg5 f6 10. Be3 Bg4 11. Bb5 Bd7 12. Nbd2 a6 13. Ba4 Nge7 14. Bb3 Qc8 15. Nc4 Ba7 16. a4 Nd8 17. Rc1 Nf7 18. e5 fxe5 19. dxe5 dxe5 20. Nfxe5 Nxe5 21. Nxe5 g6 22. Bf7+ Kf8 23. Bh6# 1-0

[Event "Nuremberg Zabo op 17th"]
[Site "Nuremberg"]
[Date "2015.09.21"]
[Round "1"]
[White "Krauss, Josef"]
[Black "Holland, Arthur"]
[Result "1-0"]
[WhiteElo "1998"]
[BlackElo "1550"]
[PlyCount "43"]
[EventDate "2015.09.21"]
[EventType "swiss"]
[EventRounds "5"]
[EventCountry "GER"]
[SourceTitle "EXT 2018"]
[Source "ChessBase"]
[SourceDate "2017.10.13"]
[SourceVersion "1"]
[SourceVersionDate "2017.10.13"]
[SourceQuality "1"]

1. e4 e5 2. Nf3 Nc6 3. Nc3 Bc5 4. Nxe5 Nxe5 5. d4 Bb6 6. dxe5 Ne7 7. Bg5 h6 8. Qh5 Ba5 9. Bc4 Bxc3+ 10. bxc3 0-0 11. Bh4 Qe8 12. 0-0 Nc6 13. f4 Na5 14. Bd3 Qe6 15. Bg3 b6 16. f5 g6 17. Qxh6 gxf5 18. Qh4 f4 19. Rxf4 d6 20. Rf5 Re8 21. Raf1 Kf8 22. Bf4 1-0

[Event "Mittelfranken-ch QT"]
[Site "Mittelfranken"]
[Date "2014.04.16"]
[Round "3.12"]
[White "Gawlas, Gunder"]
[Black "Holland, Arthur"]
[Result "1/2-1/2"]
[WhiteElo "1600"]
[BlackElo "1835"]
[PlyCount "41"]
[EventDate "2014.04.16"]
[EventType "swiss"]
[EventRounds "7"]
[EventCountry "GER"]
[SourceTitle "EXT 2022"]
[Source "ChessBase"]
[SourceDate "2021.10.06"]
[SourceVersion "1"]
[SourceVersionDate "2021.10.06"]
[SourceQuality "1"]

1. e4 e5 2. Nf3 Nf6 3. Bc4 Nc6 4. Nc3 Bc5 5. d3 h6 6. h3 0-0 7. 0-0 d6 8. Na4 Qe7 9. Nxc5 dxc5 10. Be3 Rd8 11. Qe2 Nd4 12. Nxd4 cxd4 13. Bd2 Be6 14. Bb3 Rac8 15. f4 Nd7 16. fxe5 Nxe5 17. Rf2 c5 18. Raf1 Bxb3 19. axb3 Rc6 20. Qh5 Rf8 21. Rf5 1/2-1/2

[Event "Mittelfranken-ch QT"]
[Site "Mittelfranken"]
[Date "2014.04.16"]
[Round "1.4"]
[White "Werner, Thomas"]
[Black "Holland, Arthur"]
[Result "1-0"]
[WhiteElo "2008"]
[BlackElo "1835"]
[PlyCount "81"]
[EventDate "2014.04.16"]
[EventType "swiss"]
[EventRounds "7"]
[EventCountry "GER"]
[SourceTitle "EXT 2022"]
[Source "ChessBase"]
[SourceDate "2021.10.06"]
[SourceVersion "1"]
[SourceVersionDate "2021.10.06"]
[SourceQuality "1"]

1. d4 e6 2. c4 Nf6 3. Nc3 Bb4 4. Qc2 c5 5. dxc5 Nc6 6. Nf3 0-0 7. a3 Bxc5 8. b4 Nd4 9. Nxd4 Bxd4 10. e3 Bxc3+ 11. Qxc3 Ne4 12. Qd4 f5 13. Bd3 b6 14. Bb2 Qf6 15. f3 Qxd4 16. Bxd4 Nf6 17. c5 Rb8 18. Be5 Ra8 19. Bd6 Re8 20. Ke2 Bb7 21. Rhd1 Nd5 22. Rac1 Rac8 23. Bb5 Bc6 24. Ba6 Ba4 25. Rd2 Rc6 26. Bb7 f4 27. Bxc6 dxc6 28. Bxf4 e5 29. Bg3 Bb5+ 30. Kf2 e4 31. f4 g5 32. fxg5 Rf8+ 33. Bf4 Rxf4+ 34. exf4 e3+ 35. Kf3 exd2 36. Rd1 bxc5 37. bxc5 Kf7 38. Rxd2 Ke6 39. g4 Ke7 40. f5 Bc4 41. Ke4 1-0

[Event "Nuremberg Zabo op 14th"]
[Site "Nuremberg"]
[Date "2012.09.15"]
[Round "3"]
[White "Boehme, Andre"]
[Black "Holland, Arthur"]
[Result "1-0"]
[WhiteElo "1877"]
[BlackElo "1624"]
[PlyCount "43"]
[EventDate "2012.09.14"]
[EventType "swiss"]
[EventRounds "5"]
[EventCountry "GER"]
[SourceTitle "EXT 2018"]
[Source "ChessBase"]
[SourceDate "2017.10.13"]
[SourceVersion "1"]
[SourceVersionDate "2017.10.13"]
[SourceQuality "1"]

1. e4 e5 2. Nf3 Nc6 3. Bc4 Nf6 4. Ng5 d5 5. exd5 Na5 6. Bb5+ c6 7. dxc6 bxc6 8. Qf3 Rb8 9. Bxc6+ Nxc6 10. Qxc6+ Nd7 11. d3 Be7 12. Ne4 Rb6 13. Qa8 Rb7 14. Be3 0-0 15. 0-0 f5 16. Nec3 f4 17. Nd5 fxe3 18. Qxc8 Qxc8 19. Nxe7+ Kh8 20. Nxc8 exf2+ 21. Rxf2 Rxc8 22. b3 1-0

[Event "Mittelfranken-ch HT 61st"]
[Site "Weissenburg"]
[Date "2012.04.03"]
[Round "3"]
[White "Holland, Arthur"]
[Black "Koch, Walter1111"]
[Result "0-1"]
[WhiteElo "1612"]
[BlackElo "1837"]
[PlyCount "51"]
[EventDate "2012.04.02"]
[EventType "swiss"]
[EventRounds "7"]
[EventCountry "GER"]
[SourceTitle "EXT 2015"]
[Source "ChessBase"]
[SourceDate "2014.11.20"]
[SourceVersion "1"]
[SourceVersionDate "2014.11.20"]
[SourceQuality "1"]

1. e4 c6 2. Nc3 d5 3. d3 dxe4 4. dxe4 Qxd1+ 5. Nxd1 Nf6 6. Bd3 Nbd7 7. f3 Nc5 8. Nf2 e5 9. Ne2 Be6 10. 0-0 Be7 11. Be3 Nfd7 12. b4 Nxd3 13. Nxd3 0-0 14. Ng3 f6 15. Nc5 Nxc5 16. bxc5 g6 17. Rfe1 Rab8 18. a4 b6 19. cxb6 axb6 20. a5 bxa5 21. Rec1 Rb5 22. c4 Rb3 23. Nf1 Bb4 24. Rc2 Rd8 25. Bb6 Ra8 26. Nd2 0-1

[Event "Mittelfranken-ch HT 61st"]
[Site "Weissenburg"]
[Date "2012.04.03"]
[Round "4"]
[White "Hummel, Hannes"]
[Black "Holland, Arthur"]
[Result "0-1"]
[WhiteElo "700"]
[BlackElo "1612"]
[PlyCount "28"]
[EventDate "2012.04.02"]
[EventType "swiss"]
[EventRounds "7"]
[EventCountry "GER"]
[SourceTitle "EXT 2015"]
[Source "ChessBase"]
[SourceDate "2014.11.20"]
[SourceVersion "1"]
[SourceVersionDate "2014.11.20"]
[SourceQuality "1"]

1. e4 e5 2. Nf3 Nc6 3. Nc3 Nf6 4. Bc4 Bc5 5. Bb5 0-0 6. 0-0 Qe7 7. d3 h6 8. Qe1 Nd4 9. Qd2 c6 10. Bc4 Nxf3+ 11. gxf3 Nh5 12. Re1 Nf4 13. Kf1 Qg5 14. Ne2 Qg2# 0-1

[Event "Mittelfranken-ch HT 61st"]
[Site "Weissenburg"]
[Date "2012.04.02"]
[Round "1"]
[White "Holland, Arthur"]
[Black "Bildt, Thomas"]
[Result "0-1"]
[WhiteElo "1612"]
[BlackElo "2012"]
[PlyCount "84"]
[EventDate "2012.04.02"]
[EventType "swiss"]
[EventRounds "7"]
[EventCountry "GER"]
[SourceTitle "EXT 2015"]
[Source "ChessBase"]
[SourceDate "2014.11.20"]
[SourceVersion "1"]
[SourceVersionDate "2014.11.20"]
[SourceQuality "1"]

1. e4 e5 2. Nf3 Nc6 3. Bb5 a6 4. Ba4 Nf6 5. 0-0 b5 6. Bb3 Be7 7. Re1 0-0 8. c3 d5 9. exd5 Nxd5 10. Nxe5 Nxe5 11. Rxe5 c6 12. d4 Bd6 13. Re1 Qh4 14. g3 Qh3 15. Be3 Bg4 16. Qd3 f5 17. Qf1 Qh5 18. f4 Rae8 19. Nd2 g5 20. fxg5 Rxe3 21. Rxe3 f4 22. Rf3 Bxf3 23. Qxf3 Qxf3 24. Nxf3 fxg3 25. Rf1 gxh2+ 26. Kg2 Rf5 27. Re1 Kg7 28. Bxd5 cxd5 29. Nxh2 Rxg5+ 30. Kh1 Rh5 31. Re2 Kf6 32. Rf2+ Kg5 33. Kg1 Rxh2 34. Rxh2 Bxh2+ 35. Kxh2 Kf4 36. Kg2 Ke3 37. Kg3 h5 38. Kh4 Kd3 39. Kxh5 Kc2 40. Kg4 Kxb2 41. Kf4 Kxc3 42. Ke5 Kc4 0-1

[Event "Nuremberg Zabo op 13th"]
[Site "Nuremberg"]
[Date "2011.09.17"]
[Round "2"]
[White "Kost, Andreas"]
[Black "Holland, Arthur"]
[Result "0-1"]
[WhiteElo "1348"]
[BlackElo "1581"]
[PlyCount "64"]
[EventDate "2011.09.16"]
[EventType "swiss"]
[EventRounds "5"]
[EventCountry "GER"]
[SourceTitle "EXT 2013"]
[Source "ChessBase"]
[SourceDate "2012.11.22"]
[SourceVersion "1"]
[SourceVersionDate "2012.11.22"]
[SourceQuality "1"]

1. d4 e6 2. c4 Nf6 3. Nf3 b6 4. g3 Bb7 5. Bg2 Bb4+ 6. Bd2 c5 7. Bxb4 cxb4 8. Nbd2 0-0 9. 0-0 d6 10. Qc2 Nbd7 11. e4 Rc8 12. b3 Qc7 13. Rfe1 Rfd8 14. Rad1 Nb8 15. h3 h6 16. Qb1 e5 17. d5 Nbd7 18. Re3 Ba6 19. Bf1 Qc5 20. Ne1 Qa5 21. Nd3 Nc5 22. Nc1 Bb7 23. Ne2 a6 24. f3 b5 25. Nc1 Qb6 26. Kh2 Na4 27. Qd3 Nb2 28. Qc2 Nxd1 29. Re2 Nc3 30. Rg2 Qe3 31. Nd3 a5 32. a3 bxa3 0-1

[Event "Mittelfranken-ch NT 58th"]
[Site "Postbauer"]
[Date "2009.04.09"]
[Round "3"]
[White "Holland, Arthur"]
[Black "Dreiseitel, Ursula"]
[Result "1/2-1/2"]
[WhiteElo "1583"]
[BlackElo "1285"]
[PlyCount "57"]
[EventDate "2009.04.08"]
[EventType "swiss"]
[EventRounds "7"]
[EventCountry "GER"]
[SourceTitle "EXT 2015"]
[Source "ChessBase"]
[SourceDate "2014.11.20"]
[SourceVersion "1"]
[SourceVersionDate "2014.11.20"]
[SourceQuality "1"]

1. e4 d6 2. d4 Nf6 3. Nc3 g6 4. f4 Bg7 5. Nf3 0-0 6. Bd3 Nc6 7. d5 Nb4 8. Be2 c6 9. a3 Na6 10. Nd4 cxd5 11. exd5 Nc7 12. Bf3 Bd7 13. 0-0 Rb8 14. Be3 a6 15. Kh1 b5 16. Nc6 Bxc6 17. dxc6 e6 18. g4 Nfe8 19. Bd4 e5 20. fxe5 dxe5 21. Ba7 Rc8 22. Bc5 Qh4 23. Nd5 Nxd5 24. Bxd5 Nf6 25. Bxf8 Bxf8 26. Bxf7+ Kg7 27. Bd5 e4 28. Bxe4 Nxg4 29. Qd7+ 1/2-1/2

[Event "Nuremberg LGA Cup 5th"]
[Site "Nuremberg"]
[Date "2008.09.06"]
[Round "4"]
[White "Holland, Arthur"]
[Black "Woerl, Richard"]
[Result "0-1"]
[WhiteElo "1923"]
[BlackElo "2061"]
[PlyCount "120"]
[EventDate "2008.09.04"]
[EventType "swiss"]
[EventRounds "7"]
[EventCountry "GER"]
[SourceTitle "CBM 126 Extra"]
[Source "ChessBase"]
[SourceDate "2008.11.05"]
[SourceVersion "1"]
[SourceVersionDate "2008.11.05"]
[SourceQuality "1"]

1. e4 c5 2. Nf3 Nc6 3. d4 cxd4 4. Nxd4 e5 5. Nb5 d6 6. N1c3 a6 7. Na3 b5 8. Nd5 Nf6 9. Bg5 Be7 10. Bxf6 Bxf6 11. c3 0-0 12. Be2 Bb7 13. 0-0 Bg5 14. Nc2 Ne7 15. Nce3 Bxe3 16. fxe3 Nxd5 17. exd5 Qg5 18. Rf3 e4 19. Rg3 Qxd5 20. Qxd5 Bxd5 21. Rd1 Bxa2 22. Rxd6 Rfd8 23. Rd4 f5 24. Rg5 g6 25. g4 Rxd4 26. exd4 f4 27. Re5 Bb1 28. Bd1 Bd3 29. Bb3+ Kg7 30. Bd5 Rc8 31. Bxe4 Bxe4 32. Rxe4 b4 33. cxb4 Rc4 34. Re6 Rxd4 35. Rxa6 Rxb4 36. g5 Rxb2 37. Ra7+ Kg8 38. Ra4 f3 39. Rf4 Rg2+ 40. Kf1 Rxh2 41. Rxf3 Rh5 42. Rg3 Kf7 43. Kf2 Ke6 44. Ke3 Kf5 45. Kf3 Rxg5 46. Rh3 h5 47. Rh4 Rg1 48. Rh2 Ra1 49. Rh4 Ra3+ 50. Kg2 Kg5 51. Rb4 h4 52. Kh2 Kh5 53. Re4 g5 54. Kh1 Ra2 55. Rb4 h3 56. Rd4 g4 57. Rd8 Kh4 58. Rd4 Rf2 59. Rd1 g3 60. Rd4+ Kg5 0-1

[Event "Nuremberg LGA Cup 5th"]
[Site "Nuremberg"]
[Date "2008.09.04"]
[Round "1"]
[White "Unzicker, Ferdinand"]
[Black "Holland, Arthur"]
[Result "1-0"]
[WhiteElo "2308"]
[BlackElo "1923"]
[PlyCount "55"]
[EventDate "2008.09.04"]
[EventType "swiss"]
[EventRounds "7"]
[EventCountry "GER"]
[SourceTitle "CBM 126 Extra"]
[Source "ChessBase"]
[SourceDate "2008.11.05"]
[SourceVersion "1"]
[SourceVersionDate "2008.11.05"]
[SourceQuality "1"]

1. d4 Nf6 2. c4 e6 3. Nc3 Bb4 4. Nf3 c5 5. g3 Qc7 6. Qd3 d5 7. Bf4 Qb6 8. cxd5 Nxd5 9. Bd2 Nc6 10. a3 cxd4 11. Nxd5 Bxd2+ 12. Qxd2 exd5 13. Bg2 0-0 14. 0-0 Bf5 15. Rfd1 d3 16. exd3 d4 17. Rac1 Rfe8 18. Nh4 Bg4 19. Re1 Be6 20. h3 Re7 21. Qg5 f6 22. Qc5 Qxc5 23. Rxc5 Ne5 24. Rc2 g5 25. Nf3 Nxd3 26. Re4 f5 27. Rxd4 Bb3 28. Rc3 1-0

[Event "Mittelfranken-ch QT 56th"]
[Site "Postbauer"]
[Date "2007.04.06"]
[Round "6"]
[White "Holland, Arthur"]
[Black "Bruder, Heinz"]
[Result "1/2-1/2"]
[WhiteElo "1672"]
[BlackElo "1605"]
[PlyCount "34"]
[EventDate "2007.04.04"]
[EventType "swiss"]
[EventRounds "7"]
[EventCountry "GER"]
[SourceTitle "EXT 2015"]
[Source "ChessBase"]
[SourceDate "2014.11.20"]
[SourceVersion "1"]
[SourceVersionDate "2014.11.20"]
[SourceQuality "1"]

1. e4 c5 2. Nf3 d6 3. d4 cxd4 4. Nxd4 Nf6 5. Nc3 a6 6. Bc4 e6 7. Bb3 Nc6 8. Be3 Bd7 9. Qe2 Na5 10. 0-0 Nxb3 11. Nxb3 Be7 12. Rad1 0-0 13. f3 Ne8 14. Qf2 Bh4 15. g3 Be7 16. Bb6 Qb8 17. Rfe1 Bd8 1/2-1/2

[Event "Mittelfranken-ch QT 56th"]
[Site "Postbauer"]
[Date "2007.04.04"]
[Round "1"]
[White "Sidorov, Alexey"]
[Black "Holland, Arthur"]
[Result "0-1"]
[WhiteElo "1298"]
[BlackElo "1672"]
[PlyCount "38"]
[EventDate "2007.04.04"]
[EventType "swiss"]
[EventRounds "7"]
[EventCountry "GER"]
[SourceTitle "EXT 2015"]
[Source "ChessBase"]
[SourceDate "2014.11.20"]
[SourceVersion "1"]
[SourceVersionDate "2014.11.20"]
[SourceQuality "1"]

1. e4 e5 2. Nf3 Nc6 3. Bc4 Nf6 4. Ng5 d5 5. exd5 Na5 6. Bb5+ c6 7. dxc6 bxc6 8. Be2 h6 9. Nf3 e4 10. Ne5 Bd6 11. Nc4 Nxc4 12. Bxc4 0-0 13. d3 Bg4 14. f3 exf3 15. gxf3 Re8+ 16. Kd2 Nd5 17. Qf1 Ne3 18. Qg1 Nxc4+ 19. dxc4 Bb4# 0-1

[Event "Nuremberg-ch op 06th"]
[Site "Nuremberg"]
[Date "2006.06.02"]
[Round "1.57"]
[White "Walch, Roger"]
[Black "Holland, Arthur"]
[Result "1/2-1/2"]
[WhiteElo "1609"]
[BlackElo "1731"]
[PlyCount "44"]
[EventDate "2006.06.02"]
[EventType "swiss"]
[EventRounds "5"]
[EventCountry "GER"]
[SourceTitle "EXT 2007"]
[Source "ChessBase"]
[SourceDate "2006.11.23"]
[SourceVersion "1"]
[SourceVersionDate "2006.11.23"]
[SourceQuality "1"]

1. e4 e5 2. Nf3 Nc6 3. d4 exd4 4. Nxd4 Qf6 5. Be3 Bc5 6. c3 Nge7 7. Bc4 Ne5 8. Be2 h5 9. 0-0 d5 10. Nd2 Ng4 11. Bf3 Qe5 12. g3 Nxe3 13. fxe3 Bh3 14. Rf2 0-0-0 15. Qe2 c6 16. b4 Bd6 17. a3 Bc7 18. c4 dxe4 19. Nxe4 Nf5 20. Rd1 Nxe3 21. Qxe3 f5 22. Rd3 fxe4 1/2-1/2

[Event "Mittelfranken-ch QT 55th"]
[Site "Postbauer"]
[Date "2006.04.13"]
[Round "3"]
[White "Maertin, Eberhard"]
[Black "Holland, Arthur"]
[Result "1/2-1/2"]
[WhiteElo "1664"]
[BlackElo "1749"]
[PlyCount "87"]
[EventDate "2006.04.12"]
[EventType "swiss"]
[EventRounds "7"]
[EventCountry "GER"]
[SourceTitle "EXT 2015"]
[Source "ChessBase"]
[SourceDate "2014.11.20"]
[SourceVersion "1"]
[SourceVersionDate "2014.11.20"]
[SourceQuality "1"]

1. d4 Nf6 2. Nc3 d5 3. Bg5 Ne4 4. Bd2 Nxd2 5. Qxd2 Bf5 6. e3 e6 7. Nf3 Be7 8. Be2 Nd7 9. 0-0 0-0 10. h3 c6 11. Bd3 Bd6 12. Rfe1 Bxd3 13. cxd3 f5 14. e4 fxe4 15. dxe4 Bf4 16. Qe2 Qf6 17. Qd3 Qg6 18. Rad1 Rae8 19. Re2 Nf6 20. e5 Qxd3 21. Rxd3 Nd7 22. Rc2 c5 23. Ne2 c4 24. Rdc3 Nb6 25. b3 Rf7 26. g3 Bh6 27. Kg2 g5 28. g4 Kg7 29. Ng3 Kg6 30. Nh5 Bf8 31. Re3 Rc8 32. Ree2 Bb4 33. Kg3 Rfc7 34. Nd2 cxb3 35. Rxc7 Rxc7 36. Nxb3 Rc3+ 37. Re3 a5 38. Rf3 Nd7 39. Kg2 a4 40. Nd2 Rc2 41. Nf1 Rxa2 42. Nf6 Nf8 43. Nh5 Be7 44. Rc3 1/2-1/2

[Event "Nuremberg-ch op 05th"]
[Site "Nuremberg"]
[Date "2005.05.07"]
[Round "3"]
[White "Holland, Arthur"]
[Black "Amrehn, Fred"]
[Result "0-1"]
[WhiteElo "1694"]
[BlackElo "1892"]
[PlyCount "86"]
[EventDate "2005.05.06"]
[EventType "swiss"]
[EventRounds "5"]
[EventCountry "GER"]
[SourceTitle "EXT 2007"]
[Source "ChessBase"]
[SourceDate "2006.11.23"]
[SourceVersion "1"]
[SourceVersionDate "2006.11.23"]
[SourceQuality "1"]

1. e4 Nc6 2. d4 d5 3. e5 Bf5 4. Bd3 Bxd3 5. Qxd3 e6 6. Nf3 Nge7 7. Bg5 Qd7 8. Nbd2 h6 9. Be3 Nf5 10. Nb3 b6 11. 0-0 Be7 12. g4 Nb4 13. Qe2 Nxe3 14. fxe3 c5 15. c3 Nc6 16. Kh1 0-0 17. Qg2 Qd8 18. Rg1 c4 19. Nbd2 f6 20. Nh4 Qe8 21. e4 Rd8 22. exd5 Rxd5 23. Nf5 b5 24. Ne3 Rd8 25. exf6 Bxf6 26. Rae1 Bh4 27. Re2 Qd7 28. Nf3 Bg5 29. d5 exd5 30. Nxg5 hxg5 31. Nf5 g6 32. Nd4 Nxd4 33. cxd4 Rf4 34. Re5 Rxd4 35. Qc2 Qf7 36. Qe2 Rf8 37. Rxg5 Qf6 38. h4 Re4 39. Qd1 d4 40. a3 a6 41. Rg3 Rf4 42. Rg1 Qc6+ 43. Kh2 Rf2+ 0-1

[Event "Nuremberg-ch op 05th"]
[Site "Nuremberg"]
[Date "2005.05.06"]
[Round "1"]
[White "Holland, Arthur"]
[Black "Fischer, Johannes"]
[Result "0-1"]
[WhiteElo "1694"]
[BlackElo "2253"]
[PlyCount "74"]
[EventDate "2005.05.06"]
[EventType "swiss"]
[EventRounds "5"]
[EventCountry "GER"]
[SourceTitle "EXT 2007"]
[Source "ChessBase"]
[SourceDate "2006.11.23"]
[SourceVersion "1"]
[SourceVersionDate "2006.11.23"]
[SourceQuality "1"]

1. e4 c5 2. Nf3 e6 3. d4 cxd4 4. Nxd4 a6 5. c4 Nf6 6. Bd3 Qc7 7. Nc3 b6 8. Bg5 Be7 9. Qe2 d6 10. f4 Nbd7 11. Rd1 Bb7 12. Nb3 h6 13. Bh4 Nxe4 14. Bxe7 Nxc3 15. bxc3 Kxe7 16. 0-0 Rhe8 17. Bc2 Nf6 18. Nd4 Kf8 19. Rfe1 Rac8 20. Ba4 Re7 21. f5 e5 22. Nc2 Ne4 23. Qe3 Qxc4 24. Bb3 Qc5 25. Qxc5 Rxc5 26. c4 Rec7 27. Ne3 b5 28. cxb5 axb5 29. Nd5 Bxd5 30. Rxd5 Rxd5 31. Bxd5 Nc3 32. Bb3 e4 33. Kf2 d5 34. Ke3 Ke7 35. Kd4 Kd6 36. Re3 b4 37. g4 Nb5# 0-1